000
00359nam a2200157Ia 4500
003
IT-RoPAU
008
120407s9999 xx 000 0 und d
040
_a
IT-RoPAU
040
_c
IT-RoPAU
100
_a
Bill Bright
245
_a
Gesù il rivoluzionario vivente
260
_a
Ed. Studenti italiani per Cristo
300
_c
cm
490
_v
1
942
_c
BK
999
_c
2878
_d
2878